Datum a čas kvízu
22.5
Celkem bodů
Celkový počet nahraných bodů na tomto kvízu bez doplňovacích otázek.
3.
Pořadí na kvízu
Konečné umístění týmu na tomto kvízu.
Zaznamenané odpovědi
| # | Otázka | Odpověď | Body | Výsledky |
|---|---|---|---|---|
| 1. | Mobilní aplikace Tečka prošla... | v modré | 1 | |
| 2. | Britská královská rodina čelí... | princ Andrew | 1 | |
| 3. | Televize Nova představila minu... | Ondřej Sokol | 0 | |
| 4. | Nábytkářský řetězec IKEA ve Sp... | Po masových kuličkách. | 0 | |
| 5. | Jak se jmenuje fotbalový klub,... | Paris St. Germain (PSG) | 1 | |
| 6. | V následujících otázkách se po... | lilek | 0 | |
| 7. | Jak se jmenuje italský dezert... | affogato | 0 | |
| 8. | Obě nejzákladnější pizzy, tedy... | Neapol | 1 | |
| 9. | Na severu Itálie se v kuchyni... | polenta | 0 | |
| 10. | Napište název tradičních mandl... | cantuccini/cantuccio | 0 |